Albania multiple choice quiz - Statistics

General Stats
  • This quiz has been taken 17 times
  • The average score is 4 of 10
Answer Stats
Question Answer % Correct
What country's do Albania border North Macedonia, Kosovo, Greece, Montenegro
88%
What is Albania's population (Rounded to the nearest million) 2.7 milllion
47%
Cars were a luxury reserve for the elite until... the 90s
47%
What year was Albania named the "First atheist country in the world" 1967
35%
How many UNESCO sites are in Albania 4
35%
What is part of culture in Albania Going for an evening walk
35%
What superstition is in Albanian culture Scarecrows
35%
What is Albania's land area (Rounded to the nearest Thousand) 28.7k km2
24%
How many hours ahead is Albania from EST (eastern standard time) 7 hours
18%
How old is Albania 116 years old
12%
No matching quizzes found
Score Distribution
Percent of People with Each Score
Percentile by Number Answered
Your Score History
You have not taken this quiz